000 02706nam2a2200313 4500
001 RU\NLR\BIBL_A\016226296
005 20250625001809.0
035 _a(NLR Aleph) 016226296
090 _a12753637
_c12753637
100 _a20221202d2022 |||y0rusy50 ca
101 0 _arus
_deng
102 _aRU
105 _aac z 000yy
200 1 _aСборник статей IV ежегодной Межвузовской конференции "Развитие систем водоснабжения и водоотведения, энергосбережение и охрана окружающей среды", Санкт-Петербург, 27 мая 2022 года
210 _d2022
_aБ. м.
215 _a252 с.
_cил., портр.
_d21
300 _aКонф. посвящ. памяти Засл. деят. науки и техники России, д.т.н. проф. Ю.А. Ильина
300 _aРез. на англ. яз.
320 _aБиблиогр. в конце ст.
461 0 _1001RU\NLR\BIBL_A\012091206
_12001#$aАктуальные проблемы военно-научных исследований$eсборник научных трудов$fВоен. акад. матер.-техн. обеспечения, Воен. ин-т (инж.-техн.) ВА МТО (Воен. академии матер.-техн. обеспечения им. А.В. Хрулева) [и др.]$v2022, вып. 2 (22) (спец. вып.)
_911855569
_cСанкт-Петербург
_d2019 -
_fВоен. акад. матер.-техн. обеспечения, Воен. ин-т (инж.-техн.) ВА МТО (Воен. академии матер.-техн. обеспечения им. А.В. Хрулева) [и др.]
_nВИ (ИТ) ВА МТО
_oсборник научных трудов
_tАктуальные проблемы военно-научных исследований
_x2658-7009
_v2022, вып. 2 (22) (спец. вып.)
606 1 _aСпециальные сооружения военного назначения
_jСъезды, совещания и т.п
_xСистемы жизнеобеспечения
_92198704
_3RU\NLR\AUTH\6601556426
686 1 _aЦ715-4я73-1
702 1 _aИльин
_bЮ. А.
_cд.т.н., проф.
_gЮрий Александрович
710 1 2 _a"Развитие систем жизнеобеспечения, энергосбережение и охрана окружающей среды", межвузовская научно-практическая конференция
_d4
_eСанкт-Петербург
_f2022
_9823453
_3RU\NLR\AUTH\880578896
852 _aNLR
_jП10/7830
942 _cISSUE
980 _aNB
980 _aRUSPER